000 00732cam a22002411 4500
001 9850578
003 OSt
005 20230704141704.0
008 740816s1963 nyu 000 0 eng
010 _a 63011413
035 _a(OCoLC)978915
040 _aDLC
_cOAU
_dOCoLC
_dDLC
042 _apremarc
082 _a342
_bBRO
100 1 _aBrogan, D. W.
_q(Denis William),
_d1900-1974.
245 1 0 _aPolitical patterns in today's world
_c[by] D.W. Brogan [and] Douglas V. Verney.
260 _aNew York,
_bHarcourt, Brace & World
_c[1963]
300 _a274 p.
_c21 cm.
650 0 _aComparative government.
700 1 _aVerney, Douglas V.
_ejoint author.
906 _a7
_bcbc
_coclcrpl
_du
_encip
_f19
_gy-gencatlg
942 _2ddc
_cBK
999 _c3863
_d3863